000 00462nam a22001577a 4500
003 OSt
005 20140311163159.0
008 140227t xxu||||| |||| 00| 0 eng d
050 _aLB 1025.2
_b.P27 199-
100 _aPaul, Richard
_930763
245 _aWhy students- and teachers- don't reason well /
_cRichard Paul.
260 _aSanta Rosa, CA :
_bFoundation for Critical Thinking,
_c199-.
300 _a28 cm.
_c32 cm.
942 _2lcc
_cBK-TR
999 _c42458
_d42458